ბათუმის შოთა რუსთაველის სახელმწიფო უნივერსიტეტის ბიბლიოთეკა

ხმელეთი და ზღვა : (ბიბ.ჩანაწერი № 41618)

000 -ლიდერი
ფიქსირებული სიგრძის საკონტროლო ველი 01770nam a2200301Ia 4500
001 - საკონტროლო ნომერი
საკონტროლო ველი 8287
003 - საკონტროლო ნომრის იდენტიფიკატორი
საკონტროლო ველი GE_BSU
005 - ბოლო ოპერაციის თარიღი და დრო
საკონტროლო ველი 20240424145307.0
008 - ფიქსირებული სიგრძის მონაცემთა ელემენტები - ზოგადი ინფორმაცია
ფიქსირებული სიგრძის საკონტროლო ველი 181216s2010||||ge |||||||||||||| ||geo||
020 ## - წიგნის საერთაშორისო სტანდარტული ნომერი
International Standard Book Number 9789941416606
040 ## - კატალოგიზაციის წყარო
Transcribing agency GE_BSU
041 ## - ენის კოდი
Language code of text/sound track or separate title geo
080 ## - უნივერსალური ათობითი კლასიფიკაციის ინდექსი
Universal Decimal Classification number 14+316+321.01 შ–77
100 ## - მთავარი ჩანაწერი - პიროვნების სახელი
Personal name შმიტი, კარლ
9 (RLIN) 6917
245 ## - ცნობა სათაურის შესახებ
Title ხმელეთი და ზღვა :
Remainder of title მსოფლიო–ისტორიული განაზრება /
Statement of responsibility, etc კარლ შმიტი ; გერმ. თარგმნა გიორგი თავაძემ.
250 ## - გამოცემის ცნობა
Edition statement [I-ლი ქართ. გამოც.]
264 ## - წარმოების, გამოცემის, დისტრიბუციის და სხვა ცნობები
გამოცემის, წარმოების, დისტრიბუციის... ადგილი თბილისი :
გამოცემის, წარმოების, დისტრიბუციის... სახელწოდება ნეკერი,
გამოცემის, წარმოების, დისტრიბუციის... თარიღი 2010.
300 ## - ფიზიკური აღწერა
Extent 180 გვ. ;
Dimensions 14 სმ.
490 ## - სერიის ცნობა
Series statement სამეცნიერო სერია ფილოსოფია-სოციოლოგიის კლასიკური და თანამედროვე ტექსტები : თარგმანები, 1987-9660 / სერიის დამფუძნებელი და მთ. რედ. თენგიზ ირემაძე.
Volume number/sequential designation ტ. 3.
500 ## - ზოგადი შენიშვნა
General note შენიშვნვნა : გვ. 153-170
500 ## - ზოგადი შენიშვნა
General note საძიებლები : გვ. 171-178
653 ## - INDEX TERM--UNCONTROLLED
Uncontrolled term მსოფლიო–ისტორიული განაზრება
653 ## - INDEX TERM--UNCONTROLLED
Uncontrolled term ხმელეთი და ზღვა
700 ## - ADDED ENTRY--PERSONAL NAME
Personal name თავაძე, გიორგი
Relator term მთარგმნელი
9 (RLIN) 2230
710 ## - ADDED ENTRY--CORPORATE NAME
Corporate name or jurisdiction name as entry element [გრიგოლ რობაქიძის სახ. უნ-ტის ფილოს. და სოციალ. მეცნ. კვლევ. ინ-ტი]
9 (RLIN) 21917
942 ## - ADDED ENTRY ELEMENTS (KOHA)
Koha item type წიგნი
Source of classification or shelving scheme
ეგზემპლარები
ჩამოწერის სტატუსი დაკარგული ეგზემპლარის სტატუსი კლასიფიკაციის წყარო ან თაროზე გაწყობის სქემა დაზიანების სტატუსი არ გაიცემა მუდმივი მდებარეობა (დაცვის ადგილი) ამჟამინდელი ადგილსამყოფელი თაროზე განთავსების ადგილი შეძენის თარიღი ღირებულება, შესყიდვის ნორმალური ფასი სრული შენახვის შიფრი შტრიხკოდი ბოლო ოპერაციის თარიღი ეგზემპლარის მიმდევრობითი ნომერი (კეტერი?) ფასის ძალაში შესვლის თარიღი ეგზემპლარის სახეობა საჯარო შენიშვნა
          ბათუმის შოთა რუსთაველის სახელმწიფო უნივერსიტეტის მთავარი ბიბლიოთეკა ბათუმის შოთა რუსთაველის სახელმწიფო უნივერსიტეტის მთავარი ბიბლიოთეკა წიგნსაცავი 2018-12-17 25.00 14+316+321.01 შ–77 26651 2018-12-17 26651 2018-12-17 წიგნი 25.00 ₾.
          ბათუმის შოთა რუსთაველის სახელმწიფო უნივერსიტეტის მთავარი ბიბლიოთეკა ბათუმის შოთა რუსთაველის სახელმწიფო უნივერსიტეტის მთავარი ბიბლიოთეკა წიგნსაცავი 2018-12-17 25.00 14+316+321.01 შ–77 26652 2018-12-17 26652 2018-12-17 წიგნი 25.00 ₾.
          ბათუმის შოთა რუსთაველის სახელმწიფო უნივერსიტეტის მთავარი ბიბლიოთეკა ბათუმის შოთა რუსთაველის სახელმწიფო უნივერსიტეტის მთავარი ბიბლიოთეკა წიგნსაცავი 2018-12-17 25.00 14+316+321.01 შ–77 26653 2018-12-17 26653 2018-12-17 წიგნი 25.00 ₾.
          ბათუმის შოთა რუსთაველის სახელმწიფო უნივერსიტეტის მთავარი ბიბლიოთეკა ბათუმის შოთა რუსთაველის სახელმწიფო უნივერსიტეტის მთავარი ბიბლიოთეკა წიგნსაცავი 2018-12-17 25.00 14+316+321.01 შ–77 26654 2018-12-17 26654 2018-12-17 წიგნი 25.00 ₾.
          ბათუმის შოთა რუსთაველის სახელმწიფო უნივერსიტეტის მთავარი ბიბლიოთეკა ბათუმის შოთა რუსთაველის სახელმწიფო უნივერსიტეტის მთავარი ბიბლიოთეკა წიგნსაცავი 2018-12-17 25.00 14+316+321.01 შ–77 26655 2018-12-17 26655 2018-12-17 წიგნი 25.00 ₾.